00561nam a2200169 a 450000100100000000500170001000800410002704000250006808200270009310000230012024500450014325000110018826000390019930000210023865000540025965100780031300002465520240409073640.0100322s1946 cu r 000 0 spa d aDO-SdBNPbspacBNPHU a972.93053bL345y, 19461 aLandestoy, Carmita10aYo también acuso /cCarmita Landestoy. a2a ed. aLa Habana :bEditorial Lex,c1946. a174 p. ;c25 cm. 4aPersecuciones políticasxRepública dominicana 4aRepública DominicanaxPolítica Y GobiernoyERA DE TRUJILLO, 1930-1961